000 00241nam a2200097Ia 4500
001 640771
005 20250826153453.0
008 250824s9999 xx 000 0 und d
245 0 _aMİNE KIZLAR YURDUNDA
_cFATMA PEKŞEN
260 _bGENÇ TİMAŞ
999 _c640771
_d640771